000
00291nam a2200121Ia 4500
008
191201s2019 xx 000 0 und d
100
_a
RAMAKRISHNAN, Raghu
245
0
_a
Database Management Systems
260
_a
N. delhi
_b
TMH
300
_a
1065
650
_a
B.Tech(IT)
942
_2
ddc
_c
BK
_0
2
999
_c
6385
_d
6385